000 00532nam a22001937a 4500
003 koha_MIRAKIL
005 20231213100357.0
008 231213b |||||||| |||| 00| 0 ||| d
020 _b978-6-05-903401-2
040 _aTR-IsEVY
_btur
_cTR-IsEVY
082 _aFIC WHA/B
100 _aWhamond, Dave.
245 0 _aBiricik ve harika dünyası
260 _bMavikelebek Yayınları ,
_c2014
300 _a29 s.
650 _aChildren's literature -- Short stories.
650 _aÇocuk edebiyatı -- Hikaye.
942 _2ddc
_cBK
999 _c18976
_d18976